• 首页
  • 本馆介绍
  • 公告通知
  • 最新文献
  • 馆藏检索
  • 电子资源
  • 读者导购
  • 参考咨询
  • 我的图书馆
  • 登录
  • 详细信息显示
  • 放入我的书架
  • 预约/预借图书
  • 作者相关作品
  • 分类相关作品
  • 丛书相关作品
  • 出版社相关作品

书目信息

  • 表格格式
  • 工作单格式
  • 卡片格式
题名:
经济控制论
    
 
作者: 张金水 著
分册:  
出版信息: 北京   清华大学出版社  1999.12
页数: 281页
开本: 26cm
丛书名:
单 册:
中图分类: F224.1
科图分类:
主题词: 经济控制论--教材 , 经济系统:动态系统--系统分析
电子资源:
ISBN: 7-302-03741-8
000 00808nam0 2200229 45
001 0201071518
005 20031219104052.5
010    @a7-302-03741-8@dCNY20.00
100    @a20020107d1999 km y0chiy0120 ea
101 0  @achi
105    @a z 000yy
200 1  @a经济控制论@AJing Ji Kong Zhi Lun@e动态经济系统分析方法与应用@EDong Tai Jing Ji Xi Tong Fen Xi Fang Fa Yu Ying Yong@f张金水著@FZhang Jin Shui Zhu
210    @a北京@c清华大学出版社@d1999.12@h2000.12重印
215    @a281页@d26cm
300    @a清华经济学系列教材
517    @a动态经济系统分析方法与应用@ADong Tai Jing Ji Xi Tong Fen Xi Fang Fa YuYing Yong
606 0  @a经济控制论@x教材
606 0  @a经济系统:动态系统@x系统分析
690    @aF224.1@v4
701  0 @a张金水@4著
801    @aCN@bTSTC@c20020107
905    @b303198-205@dF224.1@e117@f8
    
    经济控制论:动态经济系统分析方法与应用/张金水著.-北京:清华大学出版社,1999.12(2000.12重印)
    281页;26cm
    清华经济学系列教材
    
    ISBN 7-302-03741-8:CNY20.00
    
●
相关链接 在E读中查询图书 在五车中查询图书 在当当中查询图书 在豆瓣中查询图书


正题名:经济控制论     索取号:F224.1/117         预约/预借

序号 登录号 条形码 馆藏地/架位号 状态 备注
1 0303198   203031986   第一借阅区/ [索取号:F224.1/117] 在馆    
2 0303199   203031995   第一借阅区/ [索取号:F224.1/117] 在馆    
3 0303200   203032002   密集书库/ [索取号:F224.1/117] 在馆    
4 0303201   203032011   第一借阅区/ [索取号:F224.1/117] 在馆    
5 0303202   203032020   密集书库/ [索取号:F224.1/117] 在馆    
6 0303203   203032039   密集书库/ [索取号:F224.1/117] 在馆    
7 0303204   203032048   第一借阅区/ [索取号:F224.1/117] 在馆    
8 0303205   203032057   第一样本阅览室/ [索取号:F224.1/117] 在馆    
唐山师范学院图书馆 欢迎您!
大连网信软件有限公司© 版权所有